[Event "OPEN PLZEN 2021"]
[Site "Plzen (Ceska republika)"]
[Date "2021.08.24"]
[Round "3.9"]
[White "Roubal, František"]
[Black "Burda, Otto"]
[Result "1/2-1/2"]
[WhiteElo "1215"]
[BlackElo "1797"]
[PlyCount "73"]
[EventDate "2021.08.23"]

1. d4 d5 2. Bf4 c5 3. c3 cxd4 4. cxd4 Nc6 5. e3 e6 6. Nd2 Nf6 7. Ngf3 Be7 8.
Be2 O-O 9. O-O Qb6 10. Qb3 Qxb3 11. Nxb3 b6 12. Rac1 Bb7 13. a3 Rac8 14. Rc3
Ne4 15. Rcc1 Rfd8 16. Nbd2 Nd6 17. Bxd6 Bxd6 18. Rc3 a6 19. Rfc1 Na7 20. Rxc8
Rxc8 21. Rxc8+ Nxc8 22. a4 Bb4 23. b3 f6 24. Bd3 Nd6 25. Nf1 g6 26. Ng3 Kg7 27.
Ne2 g5 28. Kf1 h5 29. Ne1 Bxe1 30. Kxe1 h4 31. g3 hxg3 32. hxg3 e5 33. dxe5
fxe5 34. Nc3 e4 35. Be2 Kf6 36. Kd2 Ke5 37. Bf1 1/2-1/2

[Event "OPEN PLZEN 2021"]
[Site "Plzen (Ceska republika)"]
[Date "2021.08.24"]
[Round "3.11"]
[White "Macho, Miloslav"]
[Black "Hodl, Vojtěch"]
[Result "1-0"]
[WhiteElo "1645"]
[BlackElo "1370"]
[PlyCount "63"]
[EventDate "2021.08.23"]

1. Nf3 d5 2. e3 Nc6 3. d4 f6 4. h3 e5 5. Bb5 e4 6. Nfd2 Bd6 7. Qh5+ g6 8. Qxd5
Nge7 9. Bxc6+ bxc6 10. Qc4 f5 11. Nb3 Nd5 12. Qxc6+ Bd7 13. Qxd5 Rb8 14. Na3
Qe7 15. Nc5 Bb5 16. Nxb5 Bxc5 17. Qxc5 Qxc5 18. dxc5 Rxb5 19. b3 O-O 20. c4
Rbb8 21. Bb2 Rbd8 22. Rd1 Rxd1+ 23. Kxd1 Rd8+ 24. Ke2 c6 25. Rd1 Rxd1 26. Kxd1
Kf8 27. b4 a6 28. a4 Ke7 29. b5 axb5 30. axb5 cxb5 31. cxb5 Kd7 32. Be5 1-0

[Event "OPEN PLZEN 2021"]
[Site "Plzen (Ceska republika)"]
[Date "2021.08.25"]
[Round "4.1"]
[White "Langmajer, Jan"]
[Black "Pokrupa, Marek"]
[Result "0-1"]
[WhiteElo "1801"]
[BlackElo "2137"]
[PlyCount "106"]
[EventDate "2021.08.23"]

1. e4 e6 2. d4 d5 3. e5 c5 4. c3 Nc6 5. Nf3 Qb6 6. Be2 cxd4 7. cxd4 Nh6 8. Nc3
Nf5 9. Kf1 Bd7 10. Na4 Qa5 11. Bd2 Bb4 12. Bxb4 Qxb4 13. a3 Qe7 14. Rc1 Rc8 15.
g4 Nh4 16. b4 Nxf3 17. Bxf3 O-O 18. Nc5 a5 19. b5 Nxe5 20. Be2 Ng6 21. Nxb7
Bxb5 22. Bxb5 Qxb7 23. a4 Qb6 24. Rxc8 Rxc8 25. Kg2 Nf4+ 26. Kg3 Qd6 27. Qd2
Rc3+ 28. f3 Ng6+ 29. Kf2 Qc7 30. Bd3 Nf4 31. Bb1 Nh3+ 32. Kg2 Nf4+ 33. Kf2 Rc4
34. h4 Qb6 35. Rc1 Rxc1 36. Qxc1 Qxd4+ 37. Kf1 Qc4+ 38. Qxc4 dxc4 39. Kf2 Kf8
40. Ke3 e5 41. h5 h6 42. Kd2 Nd5 43. Ba2 c3+ 44. Ke2 Nb4 45. Bb3 Ke7 46. Ke3 f6
47. Bg8 Kd6 48. Bf7 Kc5 49. Bg8 Nd5+ 50. Kd3 Ne7 51. Bb3 Kb4 52. Bd1 Nc6 53.
Ke4 Nd4 0-1

[Event "OPEN PLZEN 2021"]
[Site "Plzen (Ceska republika)"]
[Date "2021.08.25"]
[Round "4.2"]
[White "Šeterle, Matěj"]
[Black "Janouš, Marek"]
[Result "1/2-1/2"]
[WhiteElo "1870"]
[BlackElo "1965"]
[PlyCount "38"]
[EventDate "2021.08.23"]

1. e4 e6 2. d4 d5 3. exd5 exd5 4. Nf3 Nf6 5. Bg5 Be7 6. Bd3 O-O 7. O-O h6 8.
Bh4 Be6 9. c3 Nbd7 10. Nbd2 c5 11. Qc2 Rc8 12. Rfe1 Bd6 13. Bf5 Bxf5 14. Qxf5
cxd4 15. Nxd4 Re8 16. Qc2 Bf4 17. N2f3 Qc7 18. Bxf6 Nxf6 19. g3 Bd6 1/2-1/2

[Event "OPEN PLZEN 2021"]
[Site "Plzen (Ceska republika)"]
[Date "2021.08.25"]
[Round "4.3"]
[White "Flajšman, Pavel"]
[Black "Kalista, Karel"]
[Result "1-0"]
[WhiteElo "2179"]
[BlackElo "1631"]
[PlyCount "57"]
[EventDate "2021.08.23"]

1. d4 Nf6 2. c4 e6 3. g3 d5 4. Bg2 Be7 5. Nf3 O-O 6. O-O Nbd7 7. Qc2 Rb8 8. Rd1
b6 9. cxd5 exd5 10. Ne5 Bb7 11. Nc6 Bxc6 12. Qxc6 Rc8 13. Bh3 Qe8 14. Nc3 Nb8
15. Qb7 Rd8 16. Bf4 Bd6 17. Bxd6 cxd6 18. Qxa7 Nbd7 19. Qa3 Qe7 20. e3 Ra8 21.
Qb3 Rac8 22. Rac1 Rc6 23. Nxd5 Nxd5 24. Rxc6 N5f6 25. Qd3 g6 26. Rdc1 Kg7 27.
Rc7 Rd8 28. Qb5 Qe8 29. Qc6 1-0

[Event "OPEN PLZEN 2021"]
[Site "Plzen (Ceska republika)"]
[Date "2021.08.25"]
[Round "4.4"]
[White "Krátký, Josef"]
[Black "Kubát, Miroslav"]
[Result "1/2-1/2"]
[WhiteElo "2058"]
[BlackElo "2012"]
[PlyCount "71"]
[EventDate "2021.08.23"]

1. d4 Nf6 2. g3 d5 3. Bg2 e6 4. Nf3 Be7 5. O-O O-O 6. c4 Nbd7 7. Qc2 c6 8. Nbd2
dxc4 9. Nxc4 Nb6 10. Nce5 Bd7 11. Rd1 Rc8 12. Nxd7 Nfxd7 13. e4 c5 14. Qe2 cxd4
15. Nxd4 Bc5 16. Nb3 Be7 17. Be3 Qc7 18. Rac1 Qb8 19. f4 Rxc1 20. Rxc1 Rc8 21.
Qd2 Nf6 22. Rxc8+ Qxc8 23. h3 h6 24. Kh2 Qc4 25. Qd4 Qc2 26. Qc3 Qxc3 27. bxc3
Na4 28. c4 b6 29. e5 Nd7 30. Bc6 Ndc5 31. Bd4 Nxb3 32. axb3 Nc5 33. Bxc5 Bxc5
34. Kg2 Kf8 35. Kf3 h5 36. Ke4 1/2-1/2

[Event "OPEN PLZEN 2021"]
[Site "Plzen (Ceska republika)"]
[Date "2021.08.25"]
[Round "4.5"]
[White "Tauš, Martin"]
[Black "Záhorbenský, Jaroslav"]
[Result "0-1"]
[WhiteElo "2099"]
[BlackElo "2086"]
[PlyCount "82"]
[EventDate "2021.08.23"]

1. b4 d5 2. Bb2 Qd6 3. b5 e5 4. Ba3 c5 5. bxc6 Qxc6 6. Bxf8 Kxf8 7. Nf3 f6 8.
e3 Bf5 9. Bd3 Ne7 10. O-O Nd7 11. Nc3 a6 12. Bxf5 Nxf5 13. Qb1 g6 14. Qb4+ Ne7
15. Rfb1 Rb8 16. a4 Kf7 17. a5 Rhc8 18. Qh4 Kg7 19. h3 Nf5 20. Qa4 Qxa4 21.
Rxa4 Rc5 22. Ne1 d4 23. Ne4 Rc6 24. g4 Nd6 25. Nxd6 Rxd6 26. exd4 exd4 27. Rbb4
Re6 28. Nd3 Ne5 29. Nc5 Rc6 30. Rxb7+ Rxb7 31. Nxb7 Rxc2 32. Kg2 d3 33. Rd4
Rxd2 34. Nc5 Ra2 35. Nxa6 d2 36. Kf1 Rxa5 37. f4 Ra1+ 38. Ke2 Re1+ 39. Kxd2
Nf3+ 40. Kc3 Nxd4 41. Kxd4 Rh1 0-1

[Event "OPEN PLZEN 2021"]
[Site "Plzen (Ceska republika)"]
[Date "2021.08.25"]
[Round "4.6"]
[White "Hodan, Jiří"]
[Black "Mametev, Artem"]
[Result "1/2-1/2"]
[WhiteElo "1873"]
[BlackElo "1734"]
[PlyCount "63"]
[EventDate "2021.08.23"]

1. e4 c5 2. Nf3 d6 3. c3 Nf6 4. Be2 g6 5. O-O Bg7 6. d3 O-O 7. Nbd2 Nc6 8. h3
Qc7 9. d4 Nd7 10. Nb3 b6 11. Bg5 h6 12. Bh4 Nf6 13. Qc2 Bb7 14. Nbd2 cxd4 15.
cxd4 Rac8 16. Rac1 Qd7 17. Qd3 Nh5 18. d5 Nf4 19. dxc6 Nxd3 20. cxd7 Nxc1 21.
Bc4 Rxc4 22. Nxc4 Ne2+ 23. Kh1 g5 24. Re1 Nd4 25. Nxd4 Bxd4 26. Bg3 Bc6 27. e5
dxe5 28. Nxe5 Bxe5 29. Bxe5 Bxd7 30. Rc1 Rc8 31. Rxc8+ Bxc8 32. Kg1 1/2-1/2

[Event "OPEN PLZEN 2021"]
[Site "Plzen (Ceska republika)"]
[Date "2021.08.25"]
[Round "4.7"]
[White "Pevný, František"]
[Black "Chudek, Lubomír"]
[Result "0-1"]
[WhiteElo "1703"]
[BlackElo "1777"]
[PlyCount "102"]
[EventDate "2021.08.23"]

1. d4 Nf6 2. c4 g6 3. g3 Bg7 4. Bg2 O-O 5. Nc3 c6 6. Nf3 d5 7. O-O dxc4 8. Ne5
Nbd7 9. Nxc4 Nb6 10. Ne5 Ng4 11. Nf3 e5 12. dxe5 Nxe5 13. Qc2 Bf5 14. e4 Nxf3+
15. Bxf3 Bh3 16. Rd1 Qf6 17. Bg2 Bxg2 18. Kxg2 Rad8 19. Be3 Rxd1 20. Rxd1 Rd8
21. Bxb6 axb6 22. Rxd8+ Qxd8 23. Qd1 Qe7 24. Qc2 Bxc3 25. bxc3 b5 26. f3 Qd6
27. Qe2 h5 28. h4 b4 29. e5 Qe7 30. cxb4 Qxb4 31. Kh3 Qe7 32. f4 Qe6+ 33. Kh2
b5 34. Kg2 b4 35. Kf2 c5 36. Qd2 Qb6 37. Qe3 Qa7 38. Kf3 Qa8+ 39. Qe4 Qxe4+ 40.
Kxe4 c4 41. Kd4 c3 42. Kd3 Kf8 43. a3 bxa3 44. Kxc3 Ke7 45. Kb3 Ke6 46. Kxa3
Kf5 47. Kb4 Kg4 48. Kc5 Kxg3 49. Kd6 Kxf4 50. e6 fxe6 51. Kxe6 g5 0-1

[Event "OPEN PLZEN 2021"]
[Site "Plzen (Ceska republika)"]
[Date "2021.08.25"]
[Round "4.8"]
[White "Vlk, Miloslav"]
[Black "Roubal, František"]
[Result "1-0"]
[WhiteElo "1965"]
[BlackElo "1215"]
[PlyCount "85"]
[EventDate "2021.08.23"]

1. c4 c6 2. d4 d5 3. cxd5 cxd5 4. Nf3 Nf6 5. Nc3 e6 6. Bf4 Bd7 7. e3 a6 8. Bd3
Nc6 9. Rc1 Be7 10. O-O h6 11. a3 Nh5 12. Bg3 Nxg3 13. hxg3 O-O 14. b4 b5 15.
Qe2 Qb6 16. Bb1 g6 17. Rfd1 Rac8 18. Nd2 Rc7 19. Nb3 Rfc8 20. Nc5 Na7 21. Rd2
Be8 22. Rcd1 a5 23. e4 dxe4 24. Bxe4 axb4 25. axb4 Bc6 26. Bxc6 Qxc6 27. Qe5
Qd6 28. Qxd6 Bxd6 29. Ra2 Bxc5 30. dxc5 Nc6 31. Nxb5 Nxb4 32. Rb2 Nd5 33. Nxc7
Rxc7 34. Rc1 Ne7 35. f3 Nc6 36. Kf2 Ne5 37. Rd2 Nc6 38. Ke3 Na5 39. Rb2 Kg7 40.
g4 Nc6 41. Rcb1 Ne7 42. Kd4 Nc6+ 43. Kc4 1-0

[Event "OPEN PLZEN 2021"]
[Site "Plzen (Ceska republika)"]
[Date "2021.08.25"]
[Round "4.9"]
[White "Burda, Otto"]
[Black "Macho, Miloslav"]
[Result "1/2-1/2"]
[WhiteElo "1797"]
[BlackElo "1645"]
[PlyCount "131"]
[EventDate "2021.08.23"]

1. d4 Nf6 2. Nf3 e6 3. Bg5 h6 4. Bh4 Be7 5. e3 b6 6. Nbd2 Bb7 7. Bd3 d5 8. O-O
Nbd7 9. c4 Ne4 10. Bg3 Nxg3 11. hxg3 O-O 12. Rc1 c6 13. e4 dxe4 14. Nxe4 Nf6
15. Qe2 c5 16. dxc5 bxc5 17. Rfd1 Qc7 18. Nc3 Rad8 19. Rd2 a6 20. Rcd1 Bd6 21.
Bc2 Be7 22. a3 Rxd2 23. Rxd2 Rd8 24. Rxd8+ Qxd8 25. Qd3 Qxd3 26. Bxd3 Bd6 27.
Kf1 Kf8 28. Ke2 Ke7 29. Bc2 g5 30. Ke3 Ng4+ 31. Ke2 Ne5 32. b3 Nxf3 33. gxf3 f5
34. g4 Be5 35. Na4 fxg4 36. fxg4 Bd4 37. f3 Kd6 38. b4 cxb4 39. axb4 Ke5 40.
Bd1 Kf4 41. Kd3 Ba7 42. c5 e5 43. Kc4 Bxf3 44. Bxf3 Kxf3 45. c6 Bb8 46. Nc5 e4
47. Ne6 e3 48. Kd3 Bc7 49. Nd4+ Kf2 50. Ne2 Bb6 51. Nc3 Kf3 52. Ne2 Kxg4 53.
Ke4 h5 54. Nd4 a5 55. bxa5 Bxa5 56. Kxe3 h4 57. Kf2 h3 58. Kg1 Bb6 59. Kh1 Kg3
60. Nf5+ Kf2 61. Nh6 Kf3 62. Nf7 g4 63. Ne5+ Kf4 64. Nxg4 Kxg4 65. c7 Bxc7 66.
Kg1 1/2-1/2

[Event "OPEN PLZEN 2021"]
[Site "Plzen (Ceska republika)"]
[Date "2021.08.25"]
[Round "4.12"]
[White "Hodl, Vojtěch"]
[Black "Fakan, Petr"]
[Result "1-0"]
[WhiteElo "1370"]
[BlackElo "1291"]
[PlyCount "45"]
[EventDate "2021.08.23"]

1. c4 Nc6 2. Nc3 d6 3. e3 Nf6 4. Nf3 g6 5. d4 Bf5 6. Be2 Bg7 7. O-O O-O 8. a3
a5 9. Bd3 Bg4 10. Re1 e5 11. d5 Ne7 12. e4 c6 13. Be2 Nd7 14. Ng5 Bxe2 15. Qxe2
h6 16. Nf3 f5 17. Nh4 g5 18. Nxf5 Nxf5 19. exf5 Rxf5 20. Qg4 Qf6 21. Ne4 Qg6
22. Nxd6 Nf6 23. Qxf5 1-0

[Event "OPEN PLZEN 2021"]
[Site "Plzen (Ceska republika)"]
[Date "2021.08.26"]
[Round "5.1"]
[White "Pokrupa, Marek"]
[Black "Flajšman, Pavel"]
[Result "1/2-1/2"]
[WhiteElo "2137"]
[BlackElo "2179"]
[PlyCount "147"]
[EventDate "2021.08.23"]

1. c4 e6 2. g3 d5 3. Bg2 Nf6 4. Nf3 Be7 5. O-O dxc4 6. Na3 O-O 7. Nxc4 c5 8. b3
Nc6 9. Bb2 Qc7 10. a3 b5 11. Nce5 Bb7 12. Rc1 Nxe5 13. Bxe5 Qb6 14. Qc2 Nd7 15.
Bb2 Rac8 16. d3 Bf6 17. Rfd1 Bxb2 18. Qxb2 Bxf3 19. Bxf3 e5 20. Rd2 Qd6 21.
Rdc2 Nb6 22. Bb7 Rb8 23. Bg2 Rfc8 24. Bh3 Rc7 25. Qa1 g6 26. Qa2 Nd5 27. Bg2
Rbc8 28. h4 h5 29. Bh3 Rb8 30. Bg2 Rbc8 31. Bxd5 Qxd5 32. Rc3 Kf8 33. Qd2 Ke7
34. Qe3 Kd6 35. R1c2 a6 36. Qc1 Rc6 37. e4 Qd4 38. b4 R8c7 39. Qg5 Ke6 40. Qh6
Qd6 41. Qh8 Rc8 42. Rxc5 Rxc5 43. bxc5 Rxh8 44. cxd6 Kxd6 45. f4 f6 46. Kf2 a5
47. Ke3 b4 48. axb4 axb4 49. d4 Rb8 50. fxe5+ fxe5 51. dxe5+ Kxe5 52. Rc5+ Ke6
53. Kd2 b3 54. Kc1 Rb4 55. Rc6+ Kf7 56. Rc7+ Kf6 57. Rc6+ Kg7 58. Rc7+ Kh6 59.
Kb2 Rxe4 60. Kxb3 Rg4 61. Rc3 g5 62. hxg5+ Kxg5 63. Rc5+ Kh6 64. Rc6+ Rg6 65.
Rxg6+ Kxg6 66. Kc3 Kg5 67. Kd3 Kg4 68. Ke2 Kxg3 69. Kf1 Kh2 70. Kf2 h4 71. Kf1
h3 72. Kf2 Kh1 73. Kf1 h2 74. Kf2 1/2-1/2

[Event "OPEN PLZEN 2021"]
[Site "Plzen (Ceska republika)"]
[Date "2021.08.26"]
[Round "5.2"]
[White "Záhorbenský, Jaroslav"]
[Black "Šeterle, Matěj"]
[Result "1-0"]
[WhiteElo "2086"]
[BlackElo "1870"]
[PlyCount "77"]
[EventDate "2021.08.23"]

1. e4 d6 2. d4 Nf6 3. Nc3 c6 4. Nf3 Bg4 5. Be2 Qa5 6. h3 Bh5 7. O-O e5 8. Be3
Nbd7 9. Qd2 Be7 10. a3 Qc7 11. Rfe1 Bg6 12. Bd3 O-O 13. dxe5 dxe5 14. Qe2 Bc5
15. Nh4 Bxe3 16. Qxe3 Rad8 17. Nxg6 hxg6 18. Qxa7 Nb6 19. Qa5 Rd4 20. Ne2 Ra4
21. Qc5 Nxe4 22. Bxe4 Rxe4 23. Nc3 Nd7 24. Qa7 Rxe1+ 25. Rxe1 f6 26. Rd1 Qb6
27. Qa4 Nc5 28. Qc4+ Kh7 29. b4 Na6 30. Rd7 Nb8 31. Re7 Qa7 32. a4 Qa8 33. a5
Na6 34. Ne4 Qb8 35. Qe6 Kh8 36. c3 Nc7 37. Qd7 Ne8 38. Qxb7 Qd8 39. Rd7 1-0

[Event "OPEN PLZEN 2021"]
[Site "Plzen (Ceska republika)"]
[Date "2021.08.26"]
[Round "5.3"]
[White "Janouš, Marek"]
[Black "Krátký, Josef"]
[Result "1-0"]
[WhiteElo "1965"]
[BlackElo "2058"]
[PlyCount "71"]
[EventDate "2021.08.23"]

1. e4 e6 2. c4 d5 3. cxd5 exd5 4. exd5 Nf6 5. Nc3 Nxd5 6. Bc4 Nb6 7. Bb3 Nc6 8.
Nge2 Be7 9. d4 O-O 10. O-O Bf6 11. d5 Na5 12. Bf4 c6 13. dxc6 Nxc6 14. Ng3 Nd4
15. Nge4 Nxb3 16. Qxb3 Be6 17. Qc2 Bxc3 18. Nxc3 Qf6 19. Bg3 Nc4 20. Qe2 Rac8
21. Ne4 Qxb2 22. Qh5 Qc2 23. Rfe1 Rfe8 24. Rac1 Qd3 25. Rcd1 Qc2 26. Rc1 Qb2
27. Rb1 Qd4 28. Rbd1 Qb2 29. Rb1 Qd4 30. Rbd1 Qb6 31. Bh4 f5 32. Ng5 h6 33.
Rxe6 Rxe6 34. Qf7+ Kh8 35. Nxe6 Rg8 36. h3 1-0

[Event "OPEN PLZEN 2021"]
[Site "Plzen (Ceska republika)"]
[Date "2021.08.26"]
[Round "5.4"]
[White "Kubát, Miroslav"]
[Black "Chudek, Lubomír"]
[Result "1-0"]
[WhiteElo "2012"]
[BlackElo "1777"]
[PlyCount "49"]
[EventDate "2021.08.23"]

1. e4 c5 2. Nc3 Nc6 3. g3 e6 4. Bg2 Nf6 5. d3 a6 6. a4 Be7 7. Nge2 O-O 8. O-O
d6 9. f4 Bd7 10. h3 Rb8 11. g4 b5 12. axb5 axb5 13. Ng3 Nd4 14. Nce2 Qc7 15.
Be3 Rfc8 16. c3 Nxe2+ 17. Qxe2 b4 18. c4 Ne8 19. f5 d5 20. fxe6 Bxe6 21. Bf4
Bd6 22. e5 g5 23. exd6 Nxd6 24. Bxd6 Qxd6 25. Nf5 1-0

[Event "OPEN PLZEN 2021"]
[Site "Plzen (Ceska republika)"]
[Date "2021.08.26"]
[Round "5.5"]
[White "Kalista, Karel"]
[Black "Langmajer, Jan"]
[Result "0-1"]
[WhiteElo "1631"]
[BlackElo "1801"]
[PlyCount "138"]
[EventDate "2021.08.23"]

1. d4 d5 2. c4 e6 3. Nc3 Nf6 4. Bg5 Nbd7 5. e3 c6 6. Nf3 Qa5 7. Nd2 Bb4 8. Qc2
dxc4 9. Bxf6 Nxf6 10. Nxc4 Qg5 11. f4 Qh4+ 12. g3 Qh5 13. Be2 Qd5 14. O-O Bxc3
15. bxc3 O-O 16. Ne5 Qd6 17. c4 Qc7 18. c5 Nd5 19. Qd2 f6 20. Nc4 b6 21. e4 Ne7
22. Nd6 bxc5 23. dxc5 Ng6 24. Nxc8 Raxc8 25. Bc4 Rfe8 26. f5 Nf8 27. Rad1 Rcd8
28. Qf4 Qa5 29. Qf2 Kh8 30. fxe6 Nxe6 31. Bxe6 Rxe6 32. Qc2 Rde8 33. Rd4 Re5
34. Rc1 Qa3 35. Rd3 Qb4 36. Qc4 Rxe4 37. Qxb4 Rxb4 38. Rd6 Rc8 39. Re1 h6 40.
Ree6 Ra4 41. Rxc6 Rxc6 42. Rxc6 Rxa2 43. Rc8+ Kh7 44. Ra8 Kg6 45. c6 Rc2 46.
Rxa7 Rxc6 47. Ra2 f5 48. Kg2 Kg5 49. Kf3 Rc3+ 50. Kg2 g6 51. Rb2 Re3 52. Ra2 h5
53. Rb2 h4 54. Ra2 Kg4 55. Ra4+ Re4 56. Ra2 h3+ 57. Kf2 Rb4 58. Rc2 g5 59. Ra2
Rb1 60. Ra4+ f4 61. gxf4 gxf4 62. Ra8 Rb2+ 63. Kf1 Rxh2 64. Kg1 Rg2+ 65. Kf1
Rb2 66. Rh8 Kg3 67. Ke1 h2 68. Rg8+ Kf3 69. Rh8 h1=R+ 0-1

[Event "OPEN PLZEN 2021"]
[Site "Plzen (Ceska republika)"]
[Date "2021.08.26"]
[Round "5.6"]
[White "Zoufalý, Petr"]
[Black "Vlk, Miloslav"]
[Result "0-1"]
[WhiteElo "1669"]
[BlackElo "1965"]
[PlyCount "132"]
[EventDate "2021.08.23"]

1. d4 d5 2. Nf3 Nf6 3. e3 Bf5 4. c4 e6 5. Nbd2 Be7 6. Be2 O-O 7. Nh4 Bg6 8.
Nxg6 hxg6 9. Bf3 c5 10. dxc5 Bxc5 11. O-O Nc6 12. a3 Ne5 13. b4 Be7 14. c5 a5
15. Bb2 Nxf3+ 16. Nxf3 Ne4 17. Qe2 Qd7 18. Ne5 Qa4 19. f3 Nf6 20. Qd1 axb4 21.
Qd4 bxa3 22. Rxa3 Qxd4 23. exd4 Rxa3 24. Bxa3 b6 25. Nc6 Re8 26. Nxe7+ Rxe7 27.
cxb6 Rb7 28. Bc5 Nd7 29. Ra1 Rb8 30. Rb1 Rb7 31. Kf2 f6 32. Ra1 Rb8 33. Rb1 Kf7
34. b7 Nxc5 35. dxc5 Ke7 36. c6 Kd6 37. Rc1 Kc7 38. Ke3 e5 39. g3 g5 40. f4
gxf4+ 41. gxf4 Rd8 42. fxe5 fxe5 43. Rc2 Rh8 44. Rc5 Rh3+ 45. Ke2 Rxh2+ 46. Ke3
d4+ 47. Ke4 Re2+ 48. Kd3 Re3+ 49. Kd2 Rb3 50. Rxe5 Kxc6 51. b8=Q Rxb8 52. Kd3
Rd8 53. Rg5 Rd7 54. Rg4 Kc7 55. Rxd4 Rxd4+ 56. Kxd4 Kd6 57. Ke4 Ke6 58. Kf4 Kf6
59. Kg4 Kg6 60. Kg3 Kg5 61. Kh3 Kf4 62. Kg2 Kg4 63. Kg1 Kg3 64. Kh1 g5 65. Kg1
g4 66. Kh1 Kf2 0-1

[Event "OPEN PLZEN 2021"]
[Site "Plzen (Ceska republika)"]
[Date "2021.08.26"]
[Round "5.7"]
[White "Mametev, Artem"]
[Black "Štěpánek, Vít"]
[Result "1-0"]
[WhiteElo "1734"]
[BlackElo "1520"]
[PlyCount "75"]
[EventDate "2021.08.23"]

1. e4 c6 2. d4 d5 3. Nc3 dxe4 4. Nxe4 Bf5 5. Ng3 Bg6 6. h4 h6 7. Nf3 Nd7 8. Bd3
Bxd3 9. Qxd3 e6 10. Bd2 Bd6 11. Ne4 Bc7 12. O-O-O Ngf6 13. c4 Nxe4 14. Qxe4 Nf6
15. Qd3 O-O 16. Rdg1 e5 17. Qf5 exd4 18. g4 Re8 19. g5 Ne4 20. gxh6 Qf6 21.
Rxg7+ Kf8 22. Bb4+ Re7 23. Qxf6 Nxf6 24. Re1 Bf4+ 25. Kb1 Bxh6 26. Rg5 Rae8 27.
Rge5 Ng8 28. Bxe7+ Nxe7 29. Nxd4 Bg7 30. R5e4 Bf6 31. Nf5 b5 32. Nxe7 Bxe7 33.
cxb5 cxb5 34. h5 f5 35. Re6 Kf7 36. h6 Rh8 37. Rxe7+ Kg6 38. h7 1-0

[Event "OPEN PLZEN 2021"]
[Site "Plzen (Ceska republika)"]
[Date "2021.08.26"]
[Round "5.8"]
[White "Burda, Otto"]
[Black "Hodan, Jiří"]
[Result "1/2-1/2"]
[WhiteElo "1797"]
[BlackElo "1873"]
[PlyCount "41"]
[EventDate "2021.08.23"]

1. d4 d5 2. Nd2 Nf6 3. c4 c6 4. Ngf3 e6 5. e3 Nbd7 6. Bd3 dxc4 7. Bxc4 b5 8.
Bd3 Bb7 9. b3 a6 10. Bb2 c5 11. O-O Be7 12. Qe2 O-O 13. Rfd1 Nd5 14. Rac1 Bf6
15. Ne4 cxd4 16. Nxf6+ N7xf6 17. Bxd4 Rc8 18. Bc5 Re8 19. Ne5 Rxc5 20. Rxc5 Qd6
21. Rxd5 1/2-1/2

[Event "OPEN PLZEN 2021"]
[Site "Plzen (Ceska republika)"]
[Date "2021.08.26"]
[Round "5.9"]
[White "Macho, Miloslav"]
[Black "Tauš, Martin"]
[Result "0-1"]
[WhiteElo "1645"]
[BlackElo "2099"]
[PlyCount "62"]
[EventDate "2021.08.23"]

1. e4 Nc6 2. Nc3 e6 3. Nf3 d5 4. d4 Nf6 5. e5 Nd7 6. Bd3 Nb4 7. O-O Be7 8. Ne2
c5 9. c3 Nxd3 10. Qxd3 O-O 11. Bf4 b6 12. Nd2 a5 13. Rfe1 Ba6 14. Qg3 Kh8 15.
Rad1 Rc8 16. Nf3 cxd4 17. Nexd4 Nc5 18. Nd2 Nd3 19. Re3 Nxf4 20. Qxf4 Bg5 21.
Qg3 Bxe3 22. Qxe3 b5 23. N4f3 Qc7 24. Ng5 h6 25. Ndf3 b4 26. cxb4 Qc2 27. Re1
hxg5 28. Nxg5 axb4 29. Qh3+ Kg8 30. Nxe6 fxe6 31. Qxe6+ Rf7 0-1

[Event "OPEN PLZEN 2021"]
[Site "Plzen (Ceska republika)"]
[Date "2021.08.26"]
[Round "5.10"]
[White "Hodl, Vojtěch"]
[Black "Pevný, František"]
[Result "0-1"]
[WhiteElo "1370"]
[BlackElo "1703"]
[PlyCount "104"]
[EventDate "2021.08.23"]

1. c4 g6 2. Nc3 Bg7 3. g3 Nf6 4. Bg2 O-O 5. d4 d6 6. e3 Nbd7 7. Nge2 c6 8. O-O
Rb8 9. b3 Qc7 10. a4 a5 11. Rb1 Rd8 12. Ba3 b6 13. e4 Ba6 14. d5 c5 15. Re1 Ne8
16. Bb2 Nf8 17. f4 e6 18. Nb5 Bxb5 19. Bxg7 Kxg7 20. axb5 Qe7 21. e5 exd5 22.
cxd5 dxe5 23. Nc3 f6 24. fxe5 fxe5 25. Qe2 Nd7 26. Rbd1 Nd6 27. Nb1 Re8 28. Nd2
Rbd8 29. Nc4 Rb8 30. Bh3 Nxc4 31. bxc4 Qd6 32. Qb2 Nf6 33. Rd3 Re7 34. Rde3
Rbe8 35. Bg2 Kg8 36. h3 Nd7 37. Qe2 Rf8 38. h4 Kf7 39. Bh3 Ke8 40. Bxd7+ Kxd7
41. Rxe5 Rxe5 42. Qxe5 Qxe5 43. Rxe5 Re8 44. Rg5 a4 45. Rg4 a3 46. Rf4 Re1+ 47.
Kf2 a2 48. Kxe1 a1=Q+ 49. Kf2 Kd6 50. Kg2 h6 51. Kh3 Ke5 52. Rg4 Qh1# 0-1

[Event "OPEN PLZEN 2021"]
[Site "Plzen (Ceska republika)"]
[Date "2021.08.26"]
[Round "5.11"]
[White "Roubal, František"]
[Black "Pešek, Petr"]
[Result "1-0"]
[WhiteElo "1215"]
[BlackElo "1039"]
[PlyCount "41"]
[EventDate "2021.08.23"]

1. d4 e5 2. dxe5 Nc6 3. Nf3 Bc5 4. e3 d5 5. exd6 cxd6 6. Bc4 Nf6 7. Nc3 Bg4 8.
h3 Bf5 9. O-O O-O 10. a3 d5 11. Nxd5 Nxd5 12. Bxd5 Be6 13. Bxe6 fxe6 14. Bd2 a6
15. Bc3 Qxd1 16. Raxd1 Rac8 17. Ne5 Nxe5 18. Bxe5 g6 19. c3 Rcd8 20. Rfe1 Rf7
21. Rxd8+ 1-0

[Event "OPEN PLZEN 2021"]
[Site "Plzen (Ceska republika)"]
[Date "2021.08.26"]
[Round "6.1"]
[White "Janouš, Marek"]
[Black "Pokrupa, Marek"]
[Result "1/2-1/2"]
[WhiteElo "1965"]
[BlackElo "2137"]
[PlyCount "101"]
[EventDate "2021.08.23"]

1. e4 e6 2. c4 d5 3. exd5 exd5 4. cxd5 Nf6 5. Nc3 Nxd5 6. Bc4 Nb6 7. Bb3 Nc6 8.
Nge2 Bc5 9. Ne4 Bd4 10. O-O Bg4 11. h3 Bxe2 12. Qxe2 O-O 13. d3 a5 14. Be3 a4
15. Bc4 a3 16. Bxd4 Nxd4 17. Qd1 axb2 18. Rb1 Nxc4 19. dxc4 Rxa2 20. Nc3 Ra3
21. Ne2 Ne6 22. Qc2 b6 23. Rfd1 Qg5 24. Ng3 Rd8 25. Qxb2 Rad3 26. Qc2 Rd2 27.
Rxd2 Rxd2 28. Qa4 Qd8 29. Ne4 Rd4 30. Qc6 Rd1+ 31. Rxd1 Qxd1+ 32. Kh2 Qd8 33.
Nc3 Nd4 34. Qe4 Qd6+ 35. g3 g6 36. Nb5 Nxb5 37. cxb5 Qc5 38. Qe2 h6 39. Qe8+
Kg7 40. Kg2 Qd5+ 41. Kh2 Qe6 42. Qd8 Qf6 43. Qd2 c6 44. bxc6 Qxc6 45. g4 b5 46.
f4 Qc4 47. f5 b4 48. fxg6 Kxg6 49. Qd6+ Kh7 50. Qf6 Qc1 51. Qxf7+ 1/2-1/2

[Event "OPEN PLZEN 2021"]
[Site "Plzen (Ceska republika)"]
[Date "2021.08.26"]
[Round "6.2"]
[White "Langmajer, Jan"]
[Black "Záhorbenský, Jaroslav"]
[Result "1-0"]
[WhiteElo "1801"]
[BlackElo "2086"]
[PlyCount "81"]
[EventDate "2021.08.23"]

1. e4 d6 2. d4 Nf6 3. Nc3 e5 4. dxe5 dxe5 5. Qxd8+ Kxd8 6. Bc4 Be6 7. Bxe6 fxe6
8. f3 Nc6 9. Be3 Bd6 10. O-O-O Ke7 11. Nge2 Rad8 12. Rhf1 a6 13. Na4 b5 14. Nc5
Bxc5 15. Bxc5+ Kf7 16. c3 Rxd1+ 17. Rxd1 Rd8 18. Bf2 Rxd1+ 19. Kxd1 g5 20. g4
h5 21. h3 h4 22. Be3 Kg6 23. Nc1 Nd7 24. Nd3 Kf6 25. Kc2 a5 26. Kb3 Nb6 27. Nc5
a4+ 28. Kc2 Nc4 29. Bc1 Nd6 30. Na6 Ne8 31. b3 axb3+ 32. Kxb3 Kg6 33. a4 bxa4+
34. Kxa4 Kf6 35. Kb5 Ne7 36. Kc5 Kg6 37. Nb8 Nd6 38. Nd7 Nb7+ 39. Kb4 Nc6+ 40.
Kb5 Na7+ 41. Ka6 1-0

[Event "OPEN PLZEN 2021"]
[Site "Plzen (Ceska republika)"]
[Date "2021.08.26"]
[Round "6.3"]
[White "Flajšman, Pavel"]
[Black "Kubát, Miroslav"]
[Result "1-0"]
[WhiteElo "2179"]
[BlackElo "2012"]
[PlyCount "139"]
[EventDate "2021.08.23"]

1. d4 f5 2. c4 Nf6 3. g3 g6 4. Bg2 Bg7 5. Nf3 d6 6. O-O O-O 7. Nc3 c6 8. b3 Qc7
9. Qc2 Na6 10. a3 e5 11. dxe5 dxe5 12. e4 fxe4 13. Ng5 Bf5 14. Ngxe4 Nxe4 15.
Nxe4 Nc5 16. Be3 Ne6 17. c5 Rad8 18. Qc4 Kh8 19. Nd6 Nd4 20. Bxd4 exd4 21. Rad1
Be5 22. f4 Bg7 23. Rfe1 b5 24. Qc1 Rxd6 25. cxd6 Qxd6 26. Qxc6 Qxc6 27. Bxc6
Bc2 28. Rd2 d3 29. Rc1 Bb2 30. Rcxc2 dxc2 31. Rxc2 Bxa3 32. Bxb5 Rf7 33. Kg2
Kg7 34. h4 Bb4 35. Kf3 Rb7 36. Bc4 Rd7 37. Re2 Re7 38. Ra2 a5 39. Bd5 Rc7 40.
Bc4 Re7 41. h5 gxh5 42. Rh2 Rc7 43. Rxh5 a4 44. Bd3 Rc3 45. Rxh7+ Kg8 46. Ke2
axb3 47. Rb7 Ba5 48. Rxb3 Rxb3 49. Bc4+ Kg7 50. Bxb3 Kf6 51. Kf3 Bd2 52. g4 Bc1
53. g5+ Kg6 54. Kg4 Kg7 55. Bc2 Bd2 56. Bd3 Bc1 57. f5 Bb2 58. Kf3 Bc3 59. Kg4
Bb2 60. Bb5 Bc3 61. Be8 Bb2 62. Bh5 Bc3 63. Kf3 Bb2 64. Ke4 Bc1 65. f6+ Kf8 66.
Kf5 Bd2 67. Bd1 Bc1 68. Bb3 Bd2 69. g6 Bh6 70. Bc4 1-0